[Event "Oberliga Ost-A 2324"]
[Site "Germany"]
[Date "2024.04.13"]
[Round "10.8"]
[White "Rudolf, Matthias"]
[Black "Schaefer, Reyk"]
[Result "1-0"]
[WhiteElo "2108"]
[BlackElo "2102"]
[PlyCount "103"]
[EventDate "2023.10.22"]
[EventType "team-tourn"]
[EventRounds "11"]
[EventCountry "GER"]
[SourceTitle "EXT 2025"]
[Source "ChessBase"]
[SourceDate "2024.10.14"]
[SourceVersion "1"]
[SourceVersionDate "2024.10.14"]
[SourceQuality "1"]
[WhiteTeam "Dresden Gruen Weiss"]
[BlackTeam "Loeberitz"]
[WhiteTeamCountry "GER"]
[BlackTeamCountry "GER"]

1. b3 e5 2. Bb2 Nc6 3. e3 Nf6 4. Bb5 d6 5. Ne2 Bd7 6. 0-0 a6 7. Bxc6 Bxc6 8. d4 exd4 9. Nxd4 Bd7 10. c4 Be7 11. Nc3 c5 12. Nde2 0-0 13. Nf4 Re8 14. Qd3 Bf8 15. Rad1 Rb8 16. Rfe1 b5 17. Ba1 Bc6 18. Ncd5 Nxd5 19. Nxd5 Qa5 20. Qc3 Qxc3 21. Bxc3 b4 22. Bb2 a5 23. e4 a4 24. Kf1 Rb7 25. f3 Ra7 26. Re2 Rea8 27. Kf2 axb3 28. axb3 Ra2 29. Rdd2 Rc8 30. f4 Ra7 31. Kf3 Re8 32. g4 Re6 33. g5 Re8 34. h4 Bd7 35. h5 Bc6 36. f5 Ra5 37. Kf4 Ra7 38. Re3 Ra5 39. Rg3 Ra7 40. Rgg2 Ra5 41. h6 Ra2 42. Bxg7 Bxd5 43. Rxa2 Rxe4+ 44. Kg3 Re3+ 45. Kf2 Bxg7 46. Kxe3 Bd4+ 47. Kd3 Bxg2 48. Rxg2 Kf8 49. Ke4 Ke7 50. g6 fxg6 51. fxg6 hxg6 52. Rxg6 1-0

[Event "Sachsen-Anhalt Verbandsliga 2017/18"]
[Site "Sachsen Anhalt"]
[Date "2018.03.18"]
[Round "7.3"]
[White "Schaefer, Reyk"]
[Black "Reichert, Thomas"]
[Result "1-0"]
[WhiteElo "2153"]
[BlackElo "1908"]
[PlyCount "143"]
[EventDate "2017.12.22"]
[EventType "team-tourn"]
[EventRounds "9"]
[EventCountry "GER"]
[SourceTitle "EXT 2020"]
[Source "ChessBase"]
[SourceDate "2019.10.17"]
[SourceVersion "1"]
[SourceVersionDate "2019.10.17"]
[SourceQuality "1"]
[WhiteTeam "Loeberitz II"]
[BlackTeam "Magdeburg USC"]
[WhiteTeamCountry "GER"]
[BlackTeamCountry "GER"]

1. d4 d5 2. c4 c5 3. cxd5 Qxd5 4. Nf3 cxd4 5. Nc3 Qa5 6. Nxd4 Nf6 7. Bd2 e5 8. Ndb5 Na6 9. e3 Be7 10. Nd5 Qd8 11. Nxe7 Qxe7 12. Be2 0-0 13. Qc2 Nb4 14. Qa4 Nbd5 15. 0-0 Bd7 16. Qh4 Rac8 17. Nc3 Bc6 18. Nxd5 Nxd5 19. Qxe7 Nxe7 20. Bb4 Rfe8 21. Bg4 Rcd8 22. Rfd1 Nd5 23. Be1 g6 24. a4 Kg7 25. Be2 a6 26. b3 f6 27. Rac1 Nc7 28. Ba5 Rxd1+ 29. Rxd1 Re7 30. Rc1 Nd5 31. Kf1 Rd7 32. Ke1 Ne7 33. f3 Nd5 34. Kf2 Kf7 35. Bxa6 Ne7 36. Bc4+ Bd5 37. Bb5 Bc6 38. Bc4+ Bd5 39. Bb5 Bc6 40. Be2 Nd5 41. Be1 Nc7 42. Rd1 Rxd1 43. Bxd1 Ke7 44. Ke2 Kd7 45. Bd2 Ne6 46. b4 Kc7 47. Kd3 e4+ 48. Kc4 exf3 49. gxf3 Ng5 50. e4 Nf7 51. Bf4+ Kc8 52. b5 Bd7 53. a5 g5 54. Bg3 h5 55. Be2 h4 56. Bf2 f5 57. Kd5 fxe4 58. fxe4 Nh6 59. a6 bxa6 60. bxa6 Kc7 61. e5 Nf7 62. e6 Bc6+ 63. Kd4 Nd6 64. Ke5 Ne4 65. Be1 Ng3 66. Bxg3 hxg3 67. hxg3 Be8 68. Bc4 Kb6 69. Kd6 Bc6 70. e7 Be8 71. Bd3 Bh5 72. Kd7 1-0

[Event "Basel op"]
[Site "Basel"]
[Date "2018.01.06"]
[Round "7"]
[White "Schaefer, Reyk"]
[Black "Pupier, Terry"]
[Result "1-0"]
[WhiteElo "2162"]
[BlackElo "2107"]
[PlyCount "77"]
[EventDate "2018.01.02"]
[EventType "swiss"]
[EventRounds "9"]
[EventCountry "SUI"]
[SourceTitle "CBM 182 Extra"]
[Source "ChessBase"]
[SourceDate "2018.02.23"]
[SourceVersion "1"]
[SourceVersionDate "2018.02.23"]
[SourceQuality "1"]

1. d4 Nf6 2. c4 e6 3. g3 Bb4+ 4. Bd2 Qe7 5. Nf3 0-0 6. Nc3 Bxc3 7. Bxc3 Ne4 8. Rc1 Nxc3 9. Rxc3 d6 10. Bg2 Nd7 11. 0-0 e5 12. Qc2 e4 13. Nd2 f5 14. e3 Nf6 15. f3 exf3 16. Rxf3 Bd7 17. Rf1 Rae8 18. b4 c6 19. b5 g6 20. Qa4 cxb5 21. cxb5 Rc8 22. Rfc1 Rxc3 23. Rxc3 a6 24. Qb3+ Be6 25. Qc2 Nd5 26. Rb3 Rc8 27. Qb2 axb5 28. Rxb5 Nxe3 29. Rxb7 Rc7 30. Rb8+ Bc8 31. Bf3 Kg7 32. d5+ Kh6 33. Rb4 g5 34. Rb6 g4 35. Qa3 Rc5 36. Qxc5 gxf3 37. Rxd6+ Kh5 38. Rh6+ Kxh6 39. Qxe7 1-0

[Event "Litomysl op 18th"]
[Site "Litomysl"]
[Date "2016.12.31"]
[Round "8"]
[White "Sernecki, Franciszek"]
[Black "Schaefer, Reyk"]
[Result "1/2-1/2"]
[WhiteElo "2058"]
[BlackElo "2147"]
[PlyCount "20"]
[EventDate "2016.12.26"]
[EventType "swiss"]
[EventRounds "9"]
[EventCountry "CZE"]
[SourceTitle "CBM 176 Extra"]
[Source "ChessBase"]
[SourceDate "2017.03.02"]
[SourceVersion "1"]
[SourceVersionDate "2017.03.02"]
[SourceQuality "1"]

1. d4 Nf6 2. Nf3 e6 3. e3 d5 4. c4 b6 5. Nbd2 Bb7 6. Bd3 Bd6 7. 0-0 0-0 8. b3 Nbd7 9. Bb2 Ne4 10. Qe2 Qe7 1/2-1/2

[Event "NZL-ch op 123rd"]
[Site "Auckland"]
[Date "2016.01.06"]
[Round "5"]
[White "Goodhue, Nathan"]
[Black "Schaefer, Reyk"]
[Result "0-1"]
[WhiteElo "1990"]
[BlackElo "2134"]
[PlyCount "122"]
[EventDate "2016.01.02"]
[EventType "swiss"]
[EventRounds "9"]
[EventCountry "NZL"]
[SourceTitle "CBM 170 Extra"]
[Source "ChessBase"]
[SourceDate "2016.02.25"]
[SourceVersion "1"]
[SourceVersionDate "2016.02.25"]
[SourceQuality "1"]

1. f4 d5 2. Nf3 Nf6 3. b3 c6 4. Bb2 Qc7 5. e3 Bg4 6. Be2 Bxf3 7. Bxf3 Nbd7 8. d4 g6 9. Nd2 Bg7 10. 0-0 0-0 11. c4 a5 12. Ba3 Nb6 13. Qe2 Rad8 14. Rfc1 Nc8 15. c5 Nd7 16. b4 f6 17. Bg4 e5 18. Be6+ Kh8 19. f5 gxf5 20. Bxf5 Ne7 21. Rf1 Rfe8 22. Qd3 Nxf5 23. Rxf5 Nf8 24. Raf1 axb4 25. Bxb4 Qe7 26. dxe5 fxe5 27. Rf7 Qg5 28. Rxb7 Re7 29. Rxe7 Qxe7 30. e4 dxe4 31. Qxe4 Rd4 32. Qb1 e4 33. Re1 e3 34. Nf3 Re4 35. a3 Ng6 36. Qd3 Re6 37. Qf5 e2 38. Qd3 Nf4 39. Qf5 Rf6 40. Qe5 Qxe5 41. Nxe5 Re6 42. g3 Nd5 43. Nf7+ Kg8 44. Ng5 Re8 45. Kf2 Bd4+ 46. Kf3 Re3+ 47. Kg2 Nxb4 48. axb4 Bc3 49. Kf2 Re5 50. Rxe2 Rxg5 51. Re4 Kf7 52. h4 Rd5 53. Rc4 Be5 54. Kf3 Rd4 55. Rxd4 Bxd4 56. Ke4 Bc3 57. g4 Bxb4 58. Kd4 Be1 59. Ke5 Bg3+ 60. Kd4 Bxh4 61. Ke5 Bg3+ 0-1

[Event "Gibraltar Masters 13th"]
[Site "Caleta"]
[Date "2015.02.04"]
[Round "9"]
[White "Schaefer, Reyk"]
[Black "Odeh, Kenneth"]
[Result "1-0"]
[WhiteElo "2104"]
[BlackElo "1982"]
[PlyCount "73"]
[EventDate "2015.01.27"]
[EventType "swiss"]
[EventRounds "10"]
[EventCountry "GGB"]
[SourceTitle "CBM 165"]
[Source "ChessBase"]
[SourceDate "2015.03.11"]
[SourceVersion "1"]
[SourceVersionDate "2015.03.11"]
[SourceQuality "1"]

1. d4 Nf6 2. c4 g6 3. Nc3 d5 4. cxd5 Nxd5 5. e4 Nxc3 6. bxc3 Bg7 7. Be3 c5 8. Rc1 0-0 9. Qd2 Qa5 10. Nf3 Rd8 11. d5 e6 12. Bg5 f6 13. Be3 b6 14. Bd3 Ba6 15. c4 Qxd2+ 16. Kxd2 f5 17. Bg5 Re8 18. dxe6 Nc6 19. exf5 gxf5 20. Bxf5 Na5 21. Rhe1 Nxc4+ 22. Kc2 b5 23. e7 b4 24. Be6+ Kh8 25. Rcd1 Na3+ 26. Kc1 c4 27. Rd8 b3 28. axb3 cxb3 29. Bxb3 Rc8+ 30. Kd1 Bb5 31. Ne5 Rc3 32. Nf7+ Kg8 33. Nd6+ Rxb3 34. Nxb5 Nxb5 35. Rxe8+ Kf7 36. Rf8+ Bxf8 37. e8Q+ 1-0

[Event "Naumburg Osteropen 9th"]
[Site "Naumburg Saale"]
[Date "2014.04.20"]
[Round "3.8"]
[White "Gremmer, Dieter"]
[Black "Schaefer, Reyk"]
[Result "0-1"]
[WhiteElo "1770"]
[BlackElo "2102"]
[PlyCount "62"]
[EventDate "2014.04.19"]
[EventType "swiss"]
[EventRounds "5"]
[EventCountry "GER"]
[SourceTitle "EXT 2020"]
[Source "ChessBase"]
[SourceDate "2019.10.17"]
[SourceVersion "1"]
[SourceVersionDate "2019.10.17"]
[SourceQuality "1"]

1. e4 e5 2. Nf3 d6 3. Be2 Nf6 4. Nc3 Be7 5. b3 0-0 6. Bb2 Nc6 7. 0-0 h6 8. Re1 Re8 9. d4 exd4 10. Nxd4 Ne5 11. f4 Ng6 12. Rf1 Bf8 13. Bd3 c6 14. Qd2 Qc7 15. Rae1 b5 16. e5 dxe5 17. fxe5 Nxe5 18. Be4 Neg4 19. Nf3 b4 20. Nb5 Qb6+ 21. Kh1 Nxe4 22. Rxe4 Rxe4 23. Nbd4 Ba6 24. Rd1 Rae8 25. h3 Re2 26. Qf4 Nf2+ 27. Kg1 Nxd1 28. Bc1 Nc3 29. Kh1 Re1+ 30. Nxe1 Rxe1+ 31. Kh2 Rxc1 0-1

[Event "Reykjavik op"]
[Site "Reykjavik"]
[Date "2014.03.12"]
[Round "10"]
[White "Schaefer, Reyk"]
[Black "Thorgeirsson, Jon Kristinn"]
[Result "1/2-1/2"]
[WhiteElo "2102"]
[BlackElo "1883"]
[PlyCount "35"]
[EventDate "2014.03.04"]
[EventType "swiss"]
[EventRounds "10"]
[EventCountry "ISL"]
[SourceTitle "CBM 159 Extra"]
[Source "ChessBase"]
[SourceDate "2014.04.24"]
[SourceVersion "1"]
[SourceVersionDate "2014.04.24"]
[SourceQuality "1"]

1. d4 Nf6 2. c4 g6 3. Nc3 d5 4. cxd5 Nxd5 5. e4 Nxc3 6. bxc3 Bg7 7. Be3 c5 8. Qd2 0-0 9. Rc1 Nc6 10. d5 Na5 11. Bxc5 Qc7 12. Bd4 e5 13. Be3 Nc4 14. Bxc4 Qxc4 15. f3 Bd7 16. Qe2 Rfc8 17. Qxc4 Rxc4 18. Ne2 1/2-1/2

[Event "Reykjavik op"]
[Site "Reykjavik"]
[Date "2014.03.09"]
[Round "7"]
[White "Soors, Stef"]
[Black "Schaefer, Reyk"]
[Result "1-0"]
[WhiteElo "2394"]
[BlackElo "2102"]
[PlyCount "91"]
[EventDate "2014.03.04"]
[EventType "swiss"]
[EventRounds "10"]
[EventCountry "ISL"]
[SourceTitle "CBM 159 Extra"]
[Source "ChessBase"]
[SourceDate "2014.04.24"]
[SourceVersion "1"]
[SourceVersionDate "2014.04.24"]
[SourceQuality "1"]

1. e4 e5 2. Nf3 d6 3. d4 exd4 4. Nxd4 Nf6 5. Nc3 Be7 6. g3 d5 7. e5 Ne4 8. Nxe4 dxe4 9. Bg2 Qd5 10. Bf4 Nc6 11. Nxc6 Qxc6 12. 0-0 Bf5 13. Qe2 g5 14. Bd2 0-0-0 15. Bc3 f6 16. Rae1 fxe5 17. Bxe4 Bxe4 18. Qxe4 Qxe4 19. Rxe4 Bc5 20. Rxe5 Bd4 21. Bxd4 Rxd4 22. Rfe1 Rd2 23. R1e2 Rhd8 24. h3 R8d5 25. Kf1 b6 26. Rxd5 Rxd5 27. Kg2 Kd7 28. Re3 Rc5 29. Rc3 Rb5 30. b3 Ra5 31. Kf3 Rxa2 32. Kg4 Ra5 33. Kh5 Rf5 34. f3 a5 35. Kh6 b5 36. Kxh7 a4 37. Kg6 Rd5 38. bxa4 bxa4 39. Kf6 Ra5 40. Ra3 Kc6 41. f4 gxf4 42. gxf4 Kd5 43. f5 Ra6+ 44. Kg5 Ke5 45. Re3+ Kd4 46. Re1 1-0

[Event "Reykjavik op"]
[Site "Reykjavik"]
[Date "2014.03.06"]
[Round "4"]
[White "Schaefer, Reyk"]
[Black "Arngrimsson, Dagur"]
[Result "0-1"]
[WhiteElo "2102"]
[BlackElo "2382"]
[PlyCount "40"]
[EventDate "2014.03.04"]
[EventType "swiss"]
[EventRounds "10"]
[EventCountry "ISL"]
[SourceTitle "CBM 159 Extra"]
[Source "ChessBase"]
[SourceDate "2014.04.24"]
[SourceVersion "1"]
[SourceVersionDate "2014.04.24"]
[SourceQuality "1"]

1. d4 d5 2. c4 c6 3. Nf3 Nf6 4. Qc2 g6 5. g3 Bg7 6. Bg2 0-0 7. 0-0 dxc4 8. Qxc4 Be6 9. Qc2 Bf5 10. Qb3 Qb6 11. Qa3 Nd5 12. Nc3 Na6 13. Bd2 Ndb4 14. e4 Bg4 15. Qb3 Bxf3 16. Bxf3 Bxd4 17. Ne2 Bg7 18. a3 Nd5 19. Qc2 Ndc7 20. Nc3 Ne6 0-1

[Event "Reykjavik op"]
[Site "Reykjavik"]
[Date "2014.03.05"]
[Round "2"]
[White "Dubessay, Bastien"]
[Black "Schaefer, Reyk"]
[Result "1/2-1/2"]
[WhiteElo "2362"]
[BlackElo "2102"]
[PlyCount "88"]
[EventDate "2014.03.04"]
[EventType "swiss"]
[EventRounds "10"]
[EventCountry "ISL"]
[SourceTitle "CBM 159 Extra"]
[Source "ChessBase"]
[SourceDate "2014.04.24"]
[SourceVersion "1"]
[SourceVersionDate "2014.04.24"]
[SourceQuality "1"]

1. d4 Nf6 2. c4 g6 3. f3 Bg7 4. e4 d6 5. Nc3 0-0 6. Bg5 c5 7. d5 Na6 8. Qd2 Re8 9. Nge2 Nc7 10. Nc1 e6 11. a4 exd5 12. cxd5 a6 13. Be2 Bd7 14. 0-0 b5 15. axb5 axb5 16. Rxa8 Qxa8 17. Qf4 Nfxd5 18. exd5 Be5 19. Qd2 f5 20. Kh1 b4 21. Nd1 Qxd5 22. Qxd5+ Nxd5 23. Bc4 Be6 24. Nd3 Bd4 25. Re1 Nc7 26. Rxe6 Nxe6 27. Nf4 Kf7 28. g4 fxg4 29. fxg4 Bf6 30. Nxe6 Rxe6 31. Bd2 Ke7 32. Bxe6 Kxe6 33. Kg2 Kd5 34. Kf3 Kc4 35. Bf4 d5 36. Bd6 Bd4 37. Ne3+ Kb3 38. Nxd5 Kxb2 39. Nxb4 cxb4 40. Bxb4 Bf6 41. Ke4 Kb3 42. Bd6 Kc4 43. Be5 Bd8 44. h3 Be7 1/2-1/2

[Event "Reykjavik op"]
[Site "Reykjavik"]
[Date "2011.03.15"]
[Round "8"]
[White "Andersen, Daniel"]
[Black "Schaefer, Reyk"]
[Result "1-0"]
[WhiteElo "1983"]
[BlackElo "2133"]
[PlyCount "65"]
[EventDate "2011.03.09"]
[EventType "swiss"]
[EventRounds "9"]
[EventCountry "ISL"]
[SourceTitle "CBM 141 Extra"]
[Source "ChessBase"]
[SourceDate "2011.05.03"]
[SourceVersion "1"]
[SourceVersionDate "2011.05.03"]
[SourceQuality "1"]

1. c4 Nf6 2. Nc3 d5 3. cxd5 Nxd5 4. g3 g6 5. Bg2 Nb6 6. d3 Bg7 7. Be3 0-0 8. Qd2 Nc6 9. Bxc6 bxc6 10. Bh6 Nd5 11. h4 Nf6 12. h5 Bxh6 13. Qxh6 Bf5 14. e4 Rb8 15. 0-0-0 Ng4 16. Qd2 Be6 17. f3 Nf6 18. Qh2 Qd4 19. g4 Rb7 20. e5 Rfb8 21. exf6 Rxb2 22. Qxb2 Rxb2 23. Kxb2 exf6 24. Nge2 Qb4+ 25. Ka1 Qd6 26. Rb1 f5 27. h6 Qd8 28. Rb7 fxg4 29. fxg4 f6 30. Rhb1 Qxd3 31. Rd1 Qc4 32. Rd8+ Kf7 33. Rxc7+ 1-0